000 00282nam a2200133Ia 4500
100 _aVanvalkenburg/M.E
942 _cBK
654 _alinear
245 _aLinear Circuits
260 _bEastern book co.
_aNew Delhi
082 _a621.3192
_bVAN
300 _a427
546 _aENGLISH
999 _c29572
_d29572